| 000 | 00741nam a2200205 a 4500 | ||
|---|---|---|---|
| 005 | 20240925064211.0 | ||
| 008 | 991125 1989 mad 000 0 spa u | ||
| 020 | _a8486168422 | ||
| 035 | _aUPN01000034478 | ||
| 049 | _aCG | ||
| 050 | 4 |
_aLB1050.2 _bL478 |
|
| 245 | 0 | 0 |
_aLeer en la escuela : _bnuevas tendencias en la enseñanza de la lectura / _cobra coordinada por la fundación Germán Sánchez Ruipérez ; tr. Martha Ardilla Higuera. |
| 260 |
_aMadrid : _bFundación Germán Sánchez Ruipérez : _bPiramide, _c1989. |
||
| 300 |
_a537 p. : _bil. |
||
| 440 | 0 |
_aBiblioteca del libro ; _v9 |
|
| 650 | 4 |
_aLECTURA, INTERESES EN LA - _xINVESTIGACION |
|
| 650 | 4 |
_aNiño, Estudio del _9221 |
|
| 650 | 4 |
_aNiños _xLenguaje _95709 |
|
| 905 | _aLibro | ||
| 999 |
_c34478 _d34478 |
||